000 00615nam a2200241 a 4500
001 nice12345678
003 IN_TiNIC
005 20260116014215.0
008 070417s2004 dela grp 000 0 eng
020 _a8178292742
_c420
082 0 0 _a305.4
_bGOO
100 _aGoonesekere, Savitri
245 _aViolence, Law and Women`s Rights in South Asia
260 _aDelhi
_bSage Pub
_c2004
300 _a352p
500 _aincludes index and biblioraphy
505 2 _aIndex
650 _aWomen and Human Rights
700 1 _aGoonesekere, Savitri
902 _bSRS
942 _cBK
999 _c14330
_d14330